000 01145nam a2200277 a 4500
001 BRCA_4093
005 20190320204537.0
008 070427s2006 cc-a#####b---#001-0#spa-d
020 _a9685893314
041 _aspa
044 _acc
050 4 _aF1211.B3
_b.V57 2006
245 1 0 _aUna visión del México del siglo de las luces
_bla codificación de Joaquín Antonio de Basarás : origen, costumbres y estado presente de mexicanos y filipinos
_cestudio preliminar, transcripción y apéndices de Ilona Katzew.
260 _aHong Kong
_bLanducci
_cc2006
300 _a374 p.
_bil. (algunas a color)
_c34 cm.
500 _aIncluye apéndice documental
504 _aBibliografía: p. 369-374
600 1 4 _aBasarás, Joaquín Antonio de
_910599
650 1 4 _aPintura de castas
_94649
651 4 _aMéxico
_xDescripción y viajes
_yTrabajos anteriores a 1800
_910600
651 4 _aMéxico
_xVida social y costumbres
_ySiglo XVIII
_93954
651 4 _aFilipinas
_xDescripción y viajes
_yTrabajos anteriores a 1800
_910601
651 4 _aFilipinas
_xVida social y costumbres
_ySiglo XVIII
_910602
700 1 _aKatzew, Ilona
_94648
942 _2lcc
_cB
999 _c3815
_d3815